[Event "390 Stay Safe Play From Home series"]
[Site "Emanuel Lasker Arena"]
[Date "2020.08.17"]
[Round "1"]
[White "MihailoVujic"]
[Black "Haris kollari 13"]
[Result "1-0"]
[WhiteElo "2110"]
[BlackElo "1880"]
[Annotator "NA"]
[PlyCount "83"]
[EventDate "2020.08.17"]
[EventType "swiss (blitz)"]

1. e4 {[%emt 0:00:01]} e6 {[%emt 0:00:01]} 2. d4 {[%emt 0:00:01]} d5 {[%emt 0:00:01]} 3. Nc3 {[%emt 0:00:00]} Nf6 {[%emt 0:00:01]} 4. Bg5 {[%emt 0:00:00]} Be7 {[%emt 0:00:01]} 5. e5 {[%emt 0:00:01]} Nfd7 {[%emt 0:00:01]} 6. h4 {[%emt 0:00:01]} a6 {[%emt 0:00:02]} 7. Qg4 {[%emt 0:00:02]} Kf8 {[%emt 0:00:01]} 8. O-O-O {[%emt 0:00:07]} c5 {[%emt 0:00:01]} 9. dxc5 {[%emt 0:00:19]} Nxe5 {[%emt 0:00:02]} 10. Qg3 {[%emt 0:00:02]} Ned7 {[%emt 0:00:06]} 11. Bxe7+ {[%emt 0:00:21]} Qxe7 {[%emt 0:00:01]} 12. Nf3 {[%emt 0:00:00]} Qxc5 {[%emt 0:00:05]} 13. Bd3 {[%emt 0:00:12]} Nc6 {[%emt 0:00:01]} 14. Rhe1 {[%emt 0:00:02]} b5 {[%emt 0:00:05]} 15. Ng5 {[%emt 0:00:08]} Nf6 {[%emt 0:00:06]} 16. Ne2 {[%emt 0:00:18]} Bd7 {[%emt 0:00:09]} 17. f4 {[%emt 0:00:04]} h6 {[%emt 0:00:01]} 18. Nf3 {[%emt 0:00:01]} Rc8 {[%emt 0:00:09]} 19. Ne5 {[%emt 0:00:02]} Be8 {[%emt 0:00:09]} 20. Qf3 {[%emt 0:00:06]} Nxe5 {[%emt 0:00:05]} 21. fxe5 {[%emt 0:00:01]} Nd7 {[%emt 0:00:01]} 22. Nf4 {[%emt 0:00:01]} Kg8 {[%emt 0:00:06]} 23. g4 {[%emt 0:00:02]} a5 {[%emt 0:00:03]} 24. g5 {[%emt 0:00:01]} hxg5 {[%emt 0:00:02]} 25. hxg5 {[%emt 0:00:01]} g6 {[%emt 0:00:12]} 26. Rh1 {[%emt 0:00:03]} Nxe5 {[%emt 0:00:08]} 27. Rxh8+ {[%emt 0:00:01]} Kxh8 {[%emt 0:00:01]} 28. Qh3+ {[%emt 0:00:02]} Kg8 {[%emt 0:00:05]} 29. c3 {[%emt 0:00:03]} b4 {[%emt 0:00:12]} 30. Rh1 {[%emt 0:00:02]} Kf8 {[%emt 0:00:01]} 31. Qh8+ {[%emt 0:00:02]} Ke7 {[%emt 0:00:02]} 32. Qxe5 {[%emt 0:00:04]} bxc3 {[%emt 0:00:01]} 33. Nxg6+ {[%emt 0:00:10]} Kd7 {[%emt 0:00:14]} 34. bxc3 {[%emt 0:00:07]} Qa3+ {[%emt 0:00:14]} 35. Kd2 {[%emt 0:00:03]} Qxa2+ {[%emt 0:00:03]} 36. Bc2 {[%emt 0:00:03]} Rc4 {[%emt 0:00:14]} 37. Nf8+ {[%emt 0:00:03]} Kc6 {[%emt 0:00:03]} 38. Nxe6 {[%emt 0:00:03]} fxe6 {[%emt 0:00:07]} 39. Qxe6+ {[%emt 0:00:01]} Kc7 {[%emt 0:00:00]} 40. Rh7+ {[%emt 0:00:02]} Kd8 {[%emt 0:00:02]} 41. Qe7+ {[%emt 0:00:01]} Kc8 {[%emt 0:00:01]} 42. Qxe8# {[%emt 0:00:01] (Lag: Av=0.62s, max=1.3s) (Lag: Av=0.62s, max=1.3s) (Lag: Av=0.62s, max=1.3s)} 1-0

[Event "390 Stay Safe Play From Home series"]
[Site "Emanuel Lasker Arena"]
[Date "2020.08.17"]
[Round "1"]
[White "Greblha"]
[Black "Mepe_Nika"]
[Result "0-1"]
[WhiteElo "1937"]
[BlackElo "2316"]
[PlyCount "130"]
[EventDate "2020.08.17"]
[EventType "swiss (blitz)"]

1. e4 {[%emt 0:00:05]} c6 {[%emt 0:00:01]} 2. d4 {[%emt 0:00:02]} d5 {[%emt 0:00:00]} 3. exd5 {[%emt 0:00:01]} cxd5 {[%emt 0:00:01]} 4. Bd3 {[%emt 0:00:00]} Nc6 {[%emt 0:00:01]} 5. c3 {[%emt 0:00:00]} Nf6 {[%emt 0:00:01]} 6. Ne2 {[%emt 0:00:00]} g6 {[%emt 0:00:04]} 7. O-O {[%emt 0:00:01]} Bf5 {[%emt 0:00:00]} 8. Ng3 {[%emt 0:00:02]} Bxd3 {[%emt 0:00:02]} 9. Qxd3 {[%emt 0:00:01]} Bg7 {[%emt 0:00:01]} 10. Nd2 {[%emt 0:00:02]} O-O {[%emt 0:00:01]} 11. Nf3 {[%emt 0:00:01]} e6 {[%emt 0:00:02]} 12. Re1 {[%emt 0:00:01]} Nd7 {[%emt 0:00:04]} 13. Bg5 {[%emt 0:00:06]} Qc7 {[%emt 0:00:07]} 14. Qd2 {[%emt 0:00:04]} b5 {[%emt 0:00:03]} 15. Bh6 {[%emt 0:00:01]} b4 {[%emt 0:00:02]} 16. Bxg7 {[%emt 0:00:01]} Kxg7 {[%emt 0:00:00]} 17. Qg5 {[%emt 0:00:01]} h6 {[%emt 0:00:06]} 18. Nh5+ {[%emt 0:00:09]} Kh7 {[%emt 0:00:01]} 19. Nf6+ {[%emt 0:00:01]} Nxf6 {[%emt 0:00:00]} 20. Qxf6 {[%emt 0:00:01]} Qd8 {[%emt 0:00:01]} 21. Qf4 {[%emt 0:00:02]} bxc3 {[%emt 0:00:03]} 22. bxc3 {[%emt 0:00:02]} Rb8 {[%emt 0:00:04]} 23. Re3 {[%emt 0:00:02]} Rb2 {[%emt 0:00:03]} 24. Ne5 {[%emt 0:00:01]} Nxe5 {[%emt 0:00:01]} 25. Qxe5 {[%emt 0:00:03]} Qb8 {[%emt 0:00:03]} 26. h4 {[%emt 0:00:02]} Qxe5 {[%emt 0:00:02]} 27. Rxe5 {[%emt 0:00:09]} Rc2 {[%emt 0:00:01]} 28. h5 {[%emt 0:00:03]} Rxc3 {[%emt 0:00:03]} 29. hxg6+ {[%emt 0:00:01]} Kxg6 {[%emt 0:00:00]} 30. Rd1 {[%emt 0:00:04]} Rb8 {[%emt 0:00:02]} 31. Re2 {[%emt 0:00:07]} Rb4 {[%emt 0:00:02]} 32. Red2 {[%emt 0:00:01]} a5 {[%emt 0:00:03]} 33. f3 {[%emt 0:00:01]} a4 {[%emt 0:00:01]} 34. Kf2 {[%emt 0:00:01]} a3 {[%emt 0:00:02]} 35. Ke2 {[%emt 0:00:01]} Kf5 {[%emt 0:00:03]} 36. g3 {[%emt 0:00:01]} h5 {[%emt 0:00:01]} 37. Rh1 {[%emt 0:00:01]} Kg5 {[%emt 0:00:01]} 38. Rhd1 {[%emt 0:00:06]} f6 {[%emt 0:00:10]} 39. Rh1 {[%emt 0:00:03]} Rbc4 {[%emt 0:00:12]} 40. Rb1 {[%emt 0:00:10]} Kf5 {[%emt 0:00:06]} 41. Rh1 {[%emt 0:00:02]} Kg5 {[%emt 0:00:01]} 42. Rb1 {[%emt 0:00:01]} Rc2 {[%emt 0:00:01]} 43. Rbd1 {[%emt 0:00:01]} R4c3 {[%emt 0:00:08]} 44. Rh1 {[%emt 0:00:02]} Rxd2+ {[%emt 0:00:02]} 45. Kxd2 {[%emt 0:00:03]} Rxf3 {[%emt 0:00:00]} 46. Re1 {[%emt 0:00:04]} Kf5 {[%emt 0:00:01]} 47. Rh1 {[%emt 0:00:01]} Rxg3 {[%emt 0:00:06]} 48. Rxh5+ {[%emt 0:00:01]} Ke4 {[%emt 0:00:01]} 49. Rh4+ {[%emt 0:00:01]} Kf5 {[%emt 0:00:04]} 50. Rh5+ {[%emt 0:00:01]} Rg5 {[%emt 0:00:00]} 51. Rh4 {[%emt 0:00:02]} Rg4 {[%emt 0:00:01]} 52. Rh5+ {[%emt 0:00:02]} Ke4 {[%emt 0:00:01]} 53. Rh6 {[%emt 0:00:01]} Kxd4 {[%emt 0:00:02]} 54. Rxf6 {[%emt 0:00:01]} Rg2+ {[%emt 0:00:00]} 55. Kc1 {[%emt 0:00:02]} e5 {[%emt 0:00:01]} 56. Ra6 {[%emt 0:00:03]} Rxa2 {[%emt 0:00:01]} 57. Ra4+ {[%emt 0:00:02]} Kd3 {[%emt 0:00:02]} 58. Kb1 {[%emt 0:00:01]} Rb2+ {[%emt 0:00:01]} 59. Kc1 {[%emt 0:00:01]} Rb3 {[%emt 0:00:06]} 60. Ra5 {[%emt 0:00:02]} d4 {[%emt 0:00:04]} 61. Ra4 {[%emt 0:00:08]} e4 {[%emt 0:00:02]} 62. Ra5 {[%emt 0:00:04]} e3 {[%emt 0:00:01]} 63. Ra4 {[%emt 0:00:05]} e2 {[%emt 0:00:06]} 64. Rxd4+ {[%emt 0:00:06]} Kxd4 {[%emt 0:00:01]} 65. Kc2 {[%emt 0:00:01]} Rb2+ {[%emt 0:00:03] Greblha gibt auf Greblha gibt auf Greblha gibt auf (Lag: Av=0.44s, max=1.4s) (Lag: Av=0.44s, max=1.4s) (Lag: Av=0.44s, max=1.4s)} 0-1

[Event "390 Stay Safe Play From Home series"]
[Site "Emanuel Lasker Arena"]
[Date "2020.08.17"]
[Round "1"]
[White "Padmaesh M K"]
[Black "Lazieri3"]
[Result "1-0"]
[WhiteElo "1794"]
[BlackElo "1913"]
[PlyCount "77"]
[EventDate "2020.08.17"]
[EventType "swiss (blitz)"]

1. e4 {[%emt 0:00:04]} c6 {[%emt 0:00:00]} 2. c4 {[%emt 0:00:02]} d5 {[%emt 0:00:00]} 3. exd5 {[%emt 0:00:01]} cxd5 {[%emt 0:00:06]} 4. d4 {[%emt 0:00:02]} Nf6 {[%emt 0:00:00]} 5. Nc3 {[%emt 0:00:04]} Nc6 {[%emt 0:00:01]} 6. Nf3 {[%emt 0:00:01]} Bf5 {[%emt 0:00:02]} 7. Qb3 {[%emt 0:00:06]} Qb6 {[%emt 0:00:02]} 8. c5 {[%emt 0:00:04]} Qxb3 {[%emt 0:00:01]} 9. axb3 {[%emt 0:00:01]} Ne4 {[%emt 0:00:07]} 10. Bb5 {[%emt 0:00:05]} a6 {[%emt 0:00:02]} 11. Ba4 {[%emt 0:00:05]} O-O-O {[%emt 0:00:06]} 12. Bxc6 {[%emt 0:00:06]} bxc6 {[%emt 0:00:00]} 13. Ne5 {[%emt 0:00:02]} Bg6 {[%emt 0:00:12]} 14. Rxa6 {[%emt 0:00:05]} Nxc3 {[%emt 0:00:04]} 15. bxc3 {[%emt 0:00:00]} f6 {[%emt 0:00:01]} 16. Rxc6+ {[%emt 0:00:04]} Kb7 {[%emt 0:00:02]} 17. Rb6+ {[%emt 0:00:01]} Kc7 {[%emt 0:00:01]} 18. Nc6 {[%emt 0:00:11]} Ra8 {[%emt 0:00:08]} 19. Bf4+ {[%emt 0:00:01]} Kd7 {[%emt 0:00:03]} 20. Nb8+ {[%emt 0:00:03]} Kc8 {[%emt 0:00:06] Lazieri3 offers a draw Lazieri3 offers a draw Lazieri3 offers a draw} 21. Na6 {[%emt 0:00:19]} Bd3 {[%emt 0:00:14]} 22. Kd2 {[%emt 0:00:15]} Bxa6 {[%emt 0:00:02]} 23. Ra1 {[%emt 0:00:02]} Bb7 {[%emt 0:00:01]} 24. Rxa8+ {[%emt 0:00:03]} Bxa8 {[%emt 0:00:00]} 25. Rb8+ {[%emt 0:00:01]} Kd7 {[%emt 0:00:01]} 26. Rxa8 {[%emt 0:00:01]} e5 {[%emt 0:00:00]} 27. dxe5 {[%emt 0:00:03]} fxe5 {[%emt 0:00:01]} 28. Bxe5 {[%emt 0:00:01]} Rg8 {[%emt 0:00:01]} 29. Bd6 {[%emt 0:00:04]} Bxd6 {[%emt 0:00:02]} 30. Rxg8 {[%emt 0:00:02]} Bxc5 {[%emt 0:00:00]} 31. Rxg7+ {[%emt 0:00:01]} Ke6 {[%emt 0:00:00]} 32. Rxh7 {[%emt 0:00:01]} Bxf2 {[%emt 0:00:01]} 33. g4 {[%emt 0:00:02]} Kf6 {[%emt 0:00:11]} 34. Rh8 {[%emt 0:00:03]} Kg5 {[%emt 0:00:03]} 35. Rg8+ {[%emt 0:00:03]} Kh4 {[%emt 0:00:20]} 36. Ke2 {[%emt 0:00:01]} Bg1 {[%emt 0:00:04]} 37. Kf3 {[%emt 0:00:02]} Bxh2 {[%emt 0:00:02]} 38. Rh8+ {[%emt 0:00:01]} Kg5 {[%emt 0:00:02]} 39. Rxh2 {[%emt 0:00:01] Lazieri3 resigns Lazieri3 resigns Lazieri3 resigns (Lag: Av=0.57s, max=1.1s) (Lag: Av=0.57s, max=1.1s) (Lag: Av=0.57s, max=1.1s)} 1-0

[Event "390 Stay Safe Play From Home series"]
[Site "Emanuel Lasker Arena"]
[Date "2020.08.17"]
[Round "1"]
[White "Dukic"]
[Black "W Nelles"]
[Result "1-0"]
[WhiteElo "1710"]
[BlackElo "1387"]
[Annotator "NA"]
[PlyCount "53"]
[EventDate "2020.08.17"]
[EventType "swiss (blitz)"]

1. c4 {[%emt 0:00:04]} e5 {[%emt 0:00:01]} 2. Nc3 {[%emt 0:00:02]} Nf6 {[%emt 0:00:01]} 3. Nf3 {[%emt 0:00:01]} Nc6 {[%emt 0:00:03]} 4. e3 {[%emt 0:00:02]} Bc5 {[%emt 0:00:04]} 5. d4 {[%emt 0:00:01]} exd4 {[%emt 0:00:01]} 6. exd4 {[%emt 0:00:01]} Bb4 {[%emt 0:00:01]} 7. d5 {[%emt 0:00:01]} Ne7 {[%emt 0:00:04]} 8. Bd3 {[%emt 0:00:01]} d6 {[%emt 0:00:02]} 9. Qa4+ {[%emt 0:00:02]} Bd7 {[%emt 0:00:08]} 10. Qxb4 {[%emt 0:00:01]} a5 {[%emt 0:00:03]} 11. Qb3 {[%emt 0:00:04]} O-O {[%emt 0:00:04]} 12. O-O {[%emt 0:00:02]} a4 {[%emt 0:00:04]} 13. Qc2 {[%emt 0:00:02]} g6 {[%emt 0:00:03]} 14. Bg5 {[%emt 0:00:02]} Nf5 {[%emt 0:00:05]} 15. Ne4 {[%emt 0:00:09]} Nxe4 {[%emt 0:00:41]} 16. Bxd8 {[%emt 0:00:05]} Raxd8 {[%emt 0:00:09]} 17. Bxe4 {[%emt 0:00:02]} Rde8 {[%emt 0:00:02]} 18. Rfe1 {[%emt 0:00:02]} Kg7 {[%emt 0:00:05]} 19. Qc3+ {[%emt 0:00:01]} f6 {[%emt 0:00:04]} 20. g4 {[%emt 0:00:13]} Nh6 {[%emt 0:00:09]} 21. h3 {[%emt 0:00:06]} Rxe4 {[%emt 0:00:10]} 22. Rxe4 {[%emt 0:00:03]} Re8 {[%emt 0:00:02]} 23. Rxe8 {[%emt 0:00:03]} Bxe8 {[%emt 0:00:02]} 24. g5 {[%emt 0:00:02]} Nf7 {[%emt 0:00:09]} 25. Qxf6+ {[%emt 0:00:02]} Kg8 {[%emt 0:00:01]} 26. Nd4 {[%emt 0:00:02]} c6 {[%emt 0:00:05]} 27. Ne6 {[%emt 0:00:02] W Nelles gibt auf W Nelles gibt auf W Nelles gibt auf (Lag: Av=0.56s, max=1.0s) (Lag: Av=0.56s, max=1.0s) (Lag: Av=0.56s, max=1.0s)} 1-0

[Event "390 Stay Safe Play From Home series"]
[Site "Emanuel Lasker Arena"]
[Date "2020.08.17"]
[Round "1"]
[White "navab6214"]
[Black "Ionelluca"]
[Result "0-1"]
[WhiteElo "1364"]
[BlackElo "2027"]
[Annotator "NA"]
[PlyCount "36"]
[EventDate "2020.08.17"]
[EventType "swiss (blitz)"]

1. d4 {[%emt 0:00:01]} Nf6 {[%emt 0:00:02]} 2. c4 {[%emt 0:00:02]} e6 {[%emt 0:00:01]} 3. Bg5 {[%emt 0:00:01]} d5 {[%emt 0:00:02]} 4. Bxf6 {[%emt 0:00:01]} Qxf6 {[%emt 0:00:01]} 5. e3 {[%emt 0:00:01]} Be7 {[%emt 0:00:02]} 6. Nf3 {[%emt 0:00:01]} O-O {[%emt 0:00:02]} 7. Be2 {[%emt 0:00:01]} c5 {[%emt 0:00:01]} 8. O-O {[%emt 0:00:03]} Nc6 {[%emt 0:00:01]} 9. cxd5 {[%emt 0:00:01]} exd5 {[%emt 0:00:02]} 10. Nc3 {[%emt 0:00:01]} Be6 {[%emt 0:00:03]} 11. Rb1 {[%emt 0:00:07]} cxd4 {[%emt 0:00:02]} 12. Nxd4 {[%emt 0:00:05]} Rfd8 {[%emt 0:00:03]} 13. Nxc6 {[%emt 0:00:02]} bxc6 {[%emt 0:00:02]} 14. Bg4 {[%emt 0:00:05]} Rab8 {[%emt 0:00:04]} 15. Bxe6 {[%emt 0:00:02]} fxe6 {[%emt 0:00:01]} 16. Qd4 {[%emt 0:00:01]} e5 {[%emt 0:00:01]} 17. Qg4 {[%emt 0:00:07]} Rb4 {[%emt 0:00:07]} 18. b3 {[%emt 0:00:06]} Rxg4 {[%emt 0:00:02] navab6214 resigns navab6214 resigns navab6214 resigns (Lag: Av=0.99s, max=3.9s) (Lag: Av=0.99s, max=3.9s) (Lag: Av=0.99s, max=3.9s)} 0-1

[Event "390 Stay Safe Play From Home series"]
[Site "Emanuel Lasker Arena"]
[Date "2020.08.17"]
[Round "2"]
[White "Mepe_Nika"]
[Black "Dukic"]
[Result "1-0"]
[WhiteElo "2320"]
[BlackElo "1715"]
[PlyCount "73"]
[EventDate "2020.08.17"]
[EventType "swiss (blitz)"]

1. d4 {[%emt 0:00:02]} c6 {[%emt 0:00:02]} 2. e4 {[%emt 0:00:02]} d6 {[%emt 0:00:01]} 3. Nc3 {[%emt 0:00:06]} Nf6 {[%emt 0:00:02]} 4. Nf3 {[%emt 0:00:06]} Bg4 {[%emt 0:00:04]} 5. Be2 {[%emt 0:00:02]} Nbd7 {[%emt 0:00:01]} 6. O-O {[%emt 0:00:02]} e5 {[%emt 0:00:02]} 7. Be3 {[%emt 0:00:04]} Be7 {[%emt 0:00:01]} 8. h3 {[%emt 0:00:02]} Bh5 {[%emt 0:00:02]} 9. a4 {[%emt 0:00:03]} O-O {[%emt 0:00:01]} 10. a5 {[%emt 0:00:00]} Re8 {[%emt 0:00:02]} 11. Re1 {[%emt 0:00:02]} Qc7 {[%emt 0:00:01]} 12. dxe5 {[%emt 0:00:08]} dxe5 {[%emt 0:00:04]} 13. Nd2 {[%emt 0:00:01]} Bg6 {[%emt 0:00:02]} 14. Bf3 {[%emt 0:00:07]} Red8 {[%emt 0:00:03]} 15. Qe2 {[%emt 0:00:01]} Bb4 {[%emt 0:00:02]} 16. Red1 {[%emt 0:00:05]} Bxa5 {[%emt 0:00:02]} 17. Nc4 {[%emt 0:00:05]} Bb4 {[%emt 0:00:11]} 18. Bd2 {[%emt 0:00:14]} Be7 {[%emt 0:00:04]} 19. b4 {[%emt 0:00:03]} b5 {[%emt 0:00:17]} 20. Ne3 {[%emt 0:00:04]} Bxb4 {[%emt 0:00:16]} 21. Nf5 {[%emt 0:00:01]} Bf8 {[%emt 0:00:04]} 22. Be3 {[%emt 0:00:07]} a5 {[%emt 0:00:01]} 23. g4 {[%emt 0:00:07]} a4 {[%emt 0:00:03]} 24. h4 {[%emt 0:00:07]} h5 {[%emt 0:00:09]} 25. g5 {[%emt 0:00:03]} Ng4 {[%emt 0:00:08]} 26. Bxg4 {[%emt 0:00:02]} hxg4 {[%emt 0:00:02]} 27. Qxg4 {[%emt 0:00:00]} Nc5 {[%emt 0:00:13]} 28. h5 {[%emt 0:00:03]} Bxf5 {[%emt 0:00:03]} 29. exf5 {[%emt 0:00:00]} Rxd1+ {[%emt 0:00:02]} 30. Nxd1 {[%emt 0:00:04]} Qd7 {[%emt 0:00:08]} 31. h6 {[%emt 0:00:03]} g6 {[%emt 0:00:02]} 32. h7+ {[%emt 0:00:10]} Kh8 {[%emt 0:00:08]} 33. Qf3 {[%emt 0:00:17]} e4 {[%emt 0:00:09]} 34. Qf4 {[%emt 0:00:04]} Qxf5 {[%emt 0:00:02]} 35. Bd4+ {[%emt 0:00:01]} Kxh7 {[%emt 0:00:03]} 36. Qh4+ {[%emt 0:00:02]} Kg8 {[%emt 0:00:08]} 37. Qh8# {[%emt 0:00:01] (Lag: Av=0.44s, max=0.9s) (Lag: Av=0.44s, max=0.9s) (Lag: Av=0.44s, max=0.9s)} 1-0

[Event "390 Stay Safe Play From Home series"]
[Site "Emanuel Lasker Arena"]
[Date "2020.08.17"]
[Round "2"]
[White "Ionelluca"]
[Black "MihailoVujic"]
[Result "0-1"]
[WhiteElo "2027"]
[BlackElo "2117"]
[PlyCount "76"]
[EventDate "2020.08.17"]
[EventType "swiss (blitz)"]

1. e4 {[%emt 0:00:02]} e5 {[%emt 0:00:01]} 2. Bc4 {[%emt 0:00:02]} Nf6 {[%emt 0:00:02]} 3. Nf3 {[%emt 0:00:01]} Nc6 {[%emt 0:00:02]} 4. Ng5 {[%emt 0:00:01]} d5 {[%emt 0:00:01]} 5. exd5 {[%emt 0:00:01]} Nd4 {[%emt 0:00:01]} 6. c3 {[%emt 0:00:07]} b5 {[%emt 0:00:01]} 7. cxd4 {[%emt 0:00:03]} bxc4 {[%emt 0:00:01]} 8. dxe5 {[%emt 0:00:05]} Qxd5 {[%emt 0:00:01]} 9. exf6 {[%emt 0:00:33]} Qxg2 {[%emt 0:00:02]} 10. Qf3 {[%emt 0:00:01]} Qxf3 {[%emt 0:00:06]} 11. Nxf3 {[%emt 0:00:03]} Bb7 {[%emt 0:00:01]} 12. Rg1 {[%emt 0:00:21]} gxf6 {[%emt 0:00:09]} 13. Nh4 {[%emt 0:00:24]} O-O-O {[%emt 0:00:03]} 14. Nc3 {[%emt 0:00:02]} Re8+ {[%emt 0:00:01]} 15. Kd1 {[%emt 0:00:01]} Bc5 {[%emt 0:00:02]} 16. Rf1 {[%emt 0:00:09]} Rhg8 {[%emt 0:00:05]} 17. h3 {[%emt 0:00:04] Ionelluca offers a draw Ionelluca offers a draw Ionelluca offers a draw} Rd8 {[%emt 0:00:33]} 18. b3 {[%emt 0:00:03]} Rd4 {[%emt 0:00:05]} 19. f4 {[%emt 0:00:05]} Rd3 {[%emt 0:00:13]} 20. Kc2 {[%emt 0:00:03]} Rxh3 {[%emt 0:00:02]} 21. Nf5 {[%emt 0:00:01]} cxb3+ {[%emt 0:00:15]} 22. axb3 {[%emt 0:00:02]} Rg2 {[%emt 0:00:04]} 23. Ra4 {[%emt 0:00:12]} Rh5 {[%emt 0:00:17]} 24. Nd4 {[%emt 0:00:05]} Bb6 {[%emt 0:00:08]} 25. Re1 {[%emt 0:00:09]} Rhh2 {[%emt 0:00:08]} 26. Nde2 {[%emt 0:00:01]} Bf2 {[%emt 0:00:04]} 27. Rd1 {[%emt 0:00:02]} Bf3 {[%emt 0:00:02]} 28. Nd4 {[%emt 0:00:11]} Bxd1+ {[%emt 0:00:03]} 29. Nxd1 {[%emt 0:00:01]} Bxd4 {[%emt 0:00:05]} 30. Rxd4 {[%emt 0:00:02]} Rg1 {[%emt 0:00:02]} 31. Ne3 {[%emt 0:00:01]} Re1 {[%emt 0:00:03]} 32. Bb2 {[%emt 0:00:00]} Rxe3 {[%emt 0:00:01]} 33. Rd5 {[%emt 0:00:00]} Re6 {[%emt 0:00:02]} 34. Bd4 {[%emt 0:00:01]} Rd6 {[%emt 0:00:01]} 35. Rxd6 {[%emt 0:00:02]} cxd6 {[%emt 0:00:01]} 36. Bxf6 {[%emt 0:00:00]} d5 {[%emt 0:00:01]} 37. Bg5 {[%emt 0:00:00]} Rg2 {[%emt 0:00:00]} 38. Kc3 {[%emt 0:00:00]} Kd7 {[%emt 0:00:00] Time Time Time (Lag: Av=0.75s, max=1.3s) (Lag: Av=0.75s, max=1.3s) (Lag: Av=0.75s, max=1.3s)} 0-1

[Event "390 Stay Safe Play From Home series"]
[Site "Emanuel Lasker Arena"]
[Date "2020.08.17"]
[Round "2"]
[White "Greblha"]
[Black "navab6214"]
[Result "1-0"]
[WhiteElo "1933"]
[BlackElo "1364"]
[Annotator "NA"]
[PlyCount "41"]
[EventDate "2020.08.17"]
[EventType "swiss (blitz)"]

1. e4 {[%emt 0:00:03]} e6 {[%emt 0:00:01]} 2. d4 {[%emt 0:00:02]} d5 {[%emt 0:00:01]} 3. e5 {[%emt 0:00:01]} c5 {[%emt 0:00:03]} 4. c3 {[%emt 0:00:01]} Nc6 {[%emt 0:00:01]} 5. Nf3 {[%emt 0:00:01]} cxd4 {[%emt 0:00:01]} 6. cxd4 {[%emt 0:00:02]} f6 {[%emt 0:00:01]} 7. exf6 {[%emt 0:00:02]} Nxf6 {[%emt 0:00:04]} 8. Nc3 {[%emt 0:00:01]} Be7 {[%emt 0:00:02]} 9. Bd3 {[%emt 0:00:01]} O-O {[%emt 0:00:02]} 10. O-O {[%emt 0:00:01]} Nb4 {[%emt 0:00:03]} 11. Bb1 {[%emt 0:00:02]} b6 {[%emt 0:00:25]} 12. Ne5 {[%emt 0:00:04]} Bd6 {[%emt 0:00:11]} 13. a3 {[%emt 0:00:03]} Bxe5 {[%emt 0:00:01]} 14. dxe5 {[%emt 0:00:09]} Ne4 {[%emt 0:00:19]} 15. Nxe4 {[%emt 0:00:03]} dxe4 {[%emt 0:00:02]} 16. Qxd8 {[%emt 0:00:01]} Rxd8 {[%emt 0:00:02]} 17. axb4 {[%emt 0:00:00]} Ba6 {[%emt 0:00:03]} 18. Re1 {[%emt 0:00:02]} Rd4 {[%emt 0:00:02]} 19. Bxe4 {[%emt 0:00:02]} Rad8 {[%emt 0:00:04]} 20. f3 {[%emt 0:00:02]} Rxb4 {[%emt 0:00:12]} 21. Rxa6 {[%emt 0:00:04] navab6214 resigns navab6214 resigns navab6214 resigns (Lag: Av=2.17s, max=11.3s) (Lag: Av=2.17s, max=11.3s) (Lag: Av=2.17s, max=11.3s)} 1-0

[Event "390 Stay Safe Play From Home series"]
[Site "Emanuel Lasker Arena"]
[Date "2020.08.17"]
[Round "2"]
[White "Haris kollari 13"]
[Black "Padmaesh M K"]
[Result "1/2-1/2"]
[WhiteElo "1872"]
[BlackElo "1816"]
[Annotator "NA"]
[PlyCount "104"]
[EventDate "2020.08.17"]
[EventType "swiss (blitz)"]

1. e3 {[%emt 0:00:01]} d5 {[%emt 0:00:02]} 2. d4 {[%emt 0:00:01]} c5 {[%emt 0:00:01]} 3. c3 {[%emt 0:00:01]} Nc6 {[%emt 0:00:01]} 4. f4 {[%emt 0:00:01]} f5 {[%emt 0:00:03]} 5. Nf3 {[%emt 0:00:01]} cxd4 {[%emt 0:00:02]} 6. cxd4 {[%emt 0:00:01]} Nf6 {[%emt 0:00:01]} 7. Nc3 {[%emt 0:00:01]} e6 {[%emt 0:00:15]} 8. Bb5 {[%emt 0:00:01]} Bb4 {[%emt 0:00:03]} 9. Bd2 {[%emt 0:00:03]} Bd7 {[%emt 0:00:04]} 10. a3 {[%emt 0:00:02]} Bd6 {[%emt 0:00:04]} 11. Bd3 {[%emt 0:00:04]} O-O {[%emt 0:00:02]} 12. O-O {[%emt 0:00:01]} Ne4 {[%emt 0:00:04]} 13. Ne5 {[%emt 0:00:02]} Nxe5 {[%emt 0:00:06]} 14. fxe5 {[%emt 0:00:02]} Be7 {[%emt 0:00:01]} 15. Bxe4 {[%emt 0:00:03]} fxe4 {[%emt 0:00:01]} 16. Rxf8+ {[%emt 0:00:01]} Qxf8 {[%emt 0:00:01]} 17. Qf1 {[%emt 0:00:01]} Bg5 {[%emt 0:00:02]} 18. Qxf8+ {[%emt 0:00:02]} Rxf8 {[%emt 0:00:01]} 19. Rf1 {[%emt 0:00:01]} Rxf1+ {[%emt 0:00:05]} 20. Kxf1 {[%emt 0:00:01]} Kf7 {[%emt 0:00:01]} 21. Kf2 {[%emt 0:00:01]} h5 {[%emt 0:00:01]} 22. g3 {[%emt 0:00:01]} h4 {[%emt 0:00:02]} 23. g4 {[%emt 0:00:03]} Kg6 {[%emt 0:00:05]} 24. h3 {[%emt 0:00:01]} Be7 {[%emt 0:00:03]} 25. b4 {[%emt 0:00:09]} a6 {[%emt 0:00:03]} 26. Na2 {[%emt 0:00:04]} Bb5 {[%emt 0:00:05]} 27. Nc3 {[%emt 0:00:01]} Bc4 {[%emt 0:00:04]} 28. Na4 {[%emt 0:00:01]} Bb3 {[%emt 0:00:06]} 29. Nb6 {[%emt 0:00:04]} Bd8 {[%emt 0:00:04]} 30. Nc8 {[%emt 0:00:01]} Bc7 {[%emt 0:00:04]} 31. Kg1 {[%emt 0:00:10]} Kf7 {[%emt 0:00:03]} 32. Be1 {[%emt 0:00:02]} g5 {[%emt 0:00:01]} 33. Bc3 {[%emt 0:00:14]} b6 {[%emt 0:00:04]} 34. Be1 {[%emt 0:00:03]} Ke8 {[%emt 0:00:02]} 35. Kh2 {[%emt 0:00:04]} Kd7 {[%emt 0:00:02]} 36. Nd6 {[%emt 0:00:03]} Bxd6 {[%emt 0:00:01]} 37. exd6 {[%emt 0:00:01]} Kxd6 {[%emt 0:00:01]} 38. Bf2 {[%emt 0:00:01]} Bd1 {[%emt 0:00:04]} 39. Kg2 {[%emt 0:00:01]} a5 {[%emt 0:00:01]} 40. Bg1 {[%emt 0:00:04]} axb4 {[%emt 0:00:02]} 41. axb4 {[%emt 0:00:01]} Bf3+ {[%emt 0:00:03]} 42. Kf2 {[%emt 0:00:02]} Kc6 {[%emt 0:00:01]} 43. Bh2 {[%emt 0:00:01]} Kb5 {[%emt 0:00:01]} 44. Bd6 {[%emt 0:00:01]} Kc4 {[%emt 0:00:04]} 45. Be7 {[%emt 0:00:01]} b5 {[%emt 0:00:01]} 46. Bc5 {[%emt 0:00:04]} Kb3 {[%emt 0:00:02]} 47. Be7 {[%emt 0:00:01]} Kc4 {[%emt 0:00:03]} 48. Bf8 {[%emt 0:00:03]} Kb3 {[%emt 0:00:04]} 49. Bd6 {[%emt 0:00:01]} Ka4 {[%emt 0:00:01]} 50. Be7 {[%emt 0:00:01]} Kb3 {[%emt 0:00:01]} 51. Ke1 {[%emt 0:00:02]} Kc3 {[%emt 0:00:02]} 52. Kf2 {[%emt 0:00:01]} Kc4 {[%emt 0:00:02] (Lag: Av=0.49s, max=1.0s) (Lag: Av=0.49s, max=1.0s) (Lag: Av=0.49s, max=1.0s)} 1/2-1/2